000 00274nam a2200109Ia 4500
008 220204s9999 xx 000 0 und d
082 _a82-3
_bCHA
100 _aChase, James Hadley
245 0 _aThere's a hippie on the highway
260 _aHerts
_bPanther
_c1977
942 _cBK
999 _c32880
_d32880